| 000 | 00646nam a2200205Ia 4500 | ||
|---|---|---|---|
| 003 | GCL | ||
| 008 | 140319s9999 xx 000 0 ara d | ||
| 040 |
_aGCL / _cGCL |
||
| 082 | 0 | 4 |
_a573 _bج ت |
| 100 | 1 | _aجاكوب بروتوفسكى | |
| 245 | 1 | 0 |
_aالتطور الحضارى للانسان (ارتقاء الانسان) / _cجاكوب بروتوفسكى |
| 700 | 1 | _aاحمد سمير | |
| 260 |
_a[S.N] : _bالهيئة المصرية العامة للكتاب ، _c1987 |
||
| 300 | _a256 ص | ||
| 490 | _a | ||
| 650 | 0 | 4 | _aالانسان |
| 650 | 0 | 4 | _aالحضارة |
| 650 | 0 | 4 | _aالتقدم الاجتماعى |
| 942 |
_2ddc _cBK |
||
| 999 |
_c32560 _d32560 |
||